[Event "US Amateur Team West Championship"]
[Site "chess24.com"]
[Date "2020.02.16"]
[Round "2"]
[White "Yan, Ruiyang"]
[Black "Splane, Mike"]
[Result "0-1"]
[Board "1"]
[WhiteFideId "30919860"]
[WhiteTitle "WCM"]
[WhiteElo "2028"]
[WhiteCountry "USA"]
[WhiteEloChange "-8"]
[BlackFideId "2006391"]
[BlackElo "2101"]
[BlackCountry "USA"]
[BlackEloChange "8"]

1. e4 {[%clk 1:59:55]} c5 {[%clk 1:59:46]} 2. Nf3 {[%clk 1:59:53]} a6 {[%clk
1:59:41]} 3. c4 {[%clk 1:59:49]} d6 {[%clk 1:59:18]} 4. d4 {[%clk 1:59:43]} Bg4
{[%clk 1:56:01]} 5. Be3 {[%clk 1:57:23]} cxd4 {[%clk 1:45:33]} 6. Bxd4 {[%clk
1:56:45]} Nc6 {[%clk 1:45:26]} 7. Bc3 {[%clk 1:55:21]} Nf6 {[%clk 1:45:07]} 8.
Nbd2 {[%clk 1:54:17]} e6 {[%clk 1:44:24]} 9. Be2 {[%clk 1:52:41]} Be7 {[%clk
1:44:01]} 10. O-O {[%clk 1:52:25]} O-O {[%clk 1:43:59]} 11. Nd4 {[%clk 1:48:41]}
Bxe2 {[%clk 1:42:32]} 12. Qxe2 {[%clk 1:48:17]} Rc8 {[%clk 1:41:10]} 13. Rac1
{[%clk 1:41:21]} Nd7 {[%clk 1:33:27]} 14. N2f3 {[%clk 1:36:32]} Bf6 {[%clk
1:30:36]} 15. Rfd1 {[%clk 1:34:56]} Nxd4 {[%clk 1:22:51]} 16. Bxd4 {[%clk
1:32:16]} Rc6 {[%clk 1:21:10]} 17. b3 {[%clk 1:18:54]} Qa5 {[%clk 1:13:40]} 18.
Rc2 {[%clk 1:07:25]} h6 {[%clk 1:11:22]} 19. Rcd2 {[%clk 1:05:56]} e5 {[%clk
1:10:33]} 20. Be3 {[%clk 1:02:34]} Be7 {[%clk 1:09:23]} 21. Rd5 {[%clk 0:55:11]}
Qc7 {[%clk 1:07:29]} 22. Bc1 {[%clk 0:43:17]} b5 {[%clk 1:04:38]} 23. Ba3 {[%clk
0:32:40]} bxc4 {[%clk 1:01:27]} 24. bxc4 {[%clk 0:32:06]} Nb6 {[%clk 0:59:57]}
25. c5 {[%clk 0:30:39]} Nxd5 {[%clk 0:59:10]} 26. exd5 {[%clk 0:30:39]} Rxc5
{[%clk 0:58:23]} 27. Bxc5 {[%clk 0:30:32]} Qxc5 {[%clk 0:58:04]} 28. Qxa6 {[%clk
0:29:48]} Rb8 {[%clk 0:57:08]} 29. Qe2 {[%clk 0:27:06]} Qa3 {[%clk 0:51:25]} 30.
Qc4 {[%clk 0:24:13]} Ra8 {[%clk 0:46:10]} 31. Rd2 {[%clk 0:23:52]} g6 {[%clk
0:45:19]} 32. h3 {[%clk 0:23:34]} Kg7 {[%clk 0:45:17]} 33. Kh2 {[%clk 0:21:27]}
Bd8 {[%clk 0:42:53]} 34. Rc2 {[%clk 0:17:29]} Bb6 {[%clk 0:41:38]} 35. Qc6 {[%clk
0:16:18]} Ra6 {[%clk 0:33:22]} 36. Qc8 {[%clk 0:11:49]} e4 {[%clk 0:29:26]} 37.
Nd2 {[%clk 0:10:56]} Bxf2 {[%clk 0:26:50]} 38. Nxe4 {[%clk 0:10:40]} Bd4 {[%clk
0:26:36]} 39. Rc7 {[%clk 0:04:08]} Be5+ {[%clk 0:25:48]} 40. Kh1 {[%clk 0:04:00]}
Ra7 {[%clk 0:24:58]} 41. Rxa7 {[%clk 0:01:21]} Qxa7 {[%clk 0:24:53]} 42. Qc2
{[%clk 0:00:29]} Qe3 {[%clk 0:24:39]} 43. g3 {[%clk 0:29:42]} Qe1+ {[%clk
0:51:06]} 44. Kh2 {[%clk 0:29:08]} h5 {[%clk 0:48:30]} 45. h4 {[%clk 0:27:29]} f5
{[%clk 0:46:59]} 46. Nf2 {[%clk 0:26:12]} Qe3 {[%clk 0:45:17]} 47. Nh1 {[%clk
0:24:57]} Bd4 {[%clk 0:44:32]} 48. Qd1 {[%clk 0:24:10]} Kf6 {[%clk 0:40:30]} 49.
Kg2 {[%clk 0:23:07]} Qe4+ {[%clk 0:40:14]} 50. Qf3 {[%clk 0:21:11]} Qc2+ {[%clk
0:38:58]} 51. Kh3 {[%clk 0:20:31]} Qxa2 {[%clk 0:38:39]} 52. Qf4 {[%clk 0:20:04]}
Qxd5 {[%clk 0:38:11]} 53. Qg5+ {[%clk 0:19:55]} Kf7 {[%clk 0:38:02]} 54. Qc1
{[%clk 0:19:27]} Qe4 {[%clk 0:34:36]} 55. Qc7+ {[%clk 0:19:13]} Ke6 {[%clk
0:33:36]} 56. Qc8+ {[%clk 0:18:40]} Kd5 {[%clk 0:32:10]} 57. Qb7+ {[%clk
0:18:00]} Kc5 {[%clk 0:31:09]} 58. Qc7+ {[%clk 0:17:21]} Kb5 {[%clk 0:30:44]} 59.
Qc1 {[%clk 0:16:35]} Qg4+ {[%clk 0:26:15]} 60. Kg2 {[%clk 0:16:12]} Qe2+ {[%clk
0:26:12]} 61. Kh3 {[%clk 0:16:03]} d5 {[%clk 0:25:05]} 62. Qb1+ {[%clk 0:15:51]}
Kc6 {[%clk 0:23:19]} 63. Qc1+ {[%clk 0:15:23]} Qc4 {[%clk 0:22:27]} 64. Qe1
{[%clk 0:14:58]} Kd6 {[%clk 0:20:49]} 65. Nf2 {[%clk 0:14:24]} Bxf2 {[%clk
0:19:51]} 66. Qxf2 {[%clk 0:14:19]} d4 {[%clk 0:19:14]} 67. Qf4+ {[%clk 0:14:14]}
Ke6 {[%clk 0:18:57]} 68. Qg5 {[%clk 0:12:31]} Qf1+ {[%clk 0:18:05]} 69. Kh2
{[%clk 0:12:26]} Qe2+ {[%clk 0:18:04]} 70. Kh1 {[%clk 0:12:22]} Qg4 {[%clk
0:17:02]} 71. Qd8 {[%clk 0:12:14]} Qh3+ {[%clk 0:16:23]} 0-1

[Event "US Amateur Team West Championship"]
[Site "chess24.com"]
[Date "2020.02.16"]
[Round "2"]
[White "Perea Pino, Juan Diego"]
[Black "Boldi, Ethan"]
[Result "0-1"]
[Board "2"]
[WhiteFideId "2273683"]
[WhiteElo "2061"]
[WhiteCountry "ESP"]
[WhiteEloChange "-15"]
[BlackFideId "30926866"]
[BlackElo "1888"]
[BlackCountry "USA"]
[BlackEloChange "15"]

1. d4 {[%clk 1:59:48]} d5 {[%clk 2:00:00]} 2. Nc3 {[%clk 1:56:24]} Nf6 {[%clk
1:59:55]} 3. Bf4 {[%clk 1:56:24]} c5 {[%clk 1:59:35]} 4. e3 {[%clk 1:56:23]} a6
{[%clk 1:58:10]} 5. dxc5 {[%clk 1:55:07]} Nc6 {[%clk 1:57:36]} 6. Nf3 {[%clk
1:54:38]} Bg4 {[%clk 1:55:51]} 7. h3 {[%clk 1:52:28]} Bxf3 {[%clk 1:54:45]} 8.
Qxf3 {[%clk 1:51:10]} e6 {[%clk 1:54:20]} 9. Be2 {[%clk 1:38:36]} Bxc5 {[%clk
1:53:58]} 10. Qg3 {[%clk 1:38:02]} O-O {[%clk 1:51:50]} 11. O-O {[%clk 1:35:34]}
Ne7 {[%clk 1:46:33]} 12. Rfd1 {[%clk 1:24:37]} Nf5 {[%clk 1:45:44]} 13. Qh2
{[%clk 1:24:23]} Qe7 {[%clk 1:43:23]} 14. Bd3 {[%clk 1:20:56]} Nd6 {[%clk
1:35:46]} 15. Na4 {[%clk 1:12:48]} Nc8 {[%clk 1:31:06]} 16. Nxc5 {[%clk 1:05:44]}
Qxc5 {[%clk 1:31:06]} 17. Be5 {[%clk 0:58:05]} Nd7 {[%clk 1:28:45]} 18. Bd4
{[%clk 0:57:53]} Qd6 {[%clk 1:27:25]} 19. c4 {[%clk 0:56:36]} Qxh2+ {[%clk
1:24:33]} 20. Kxh2 {[%clk 0:56:36]} Ne7 {[%clk 1:23:17]} 21. cxd5 {[%clk
0:55:49]} Nxd5 {[%clk 1:21:56]} 22. Be4 {[%clk 0:54:40]} Rac8 {[%clk 1:19:11]}
23. Bxd5 {[%clk 0:51:50]} exd5 {[%clk 1:19:11]} 24. Rac1 {[%clk 0:51:45]} Rfd8
{[%clk 1:13:35]} 25. Kg3 {[%clk 0:49:35]} Kf8 {[%clk 1:07:33]} 26. Kf3 {[%clk
0:40:47]} f6 {[%clk 1:05:12]} 27. Ke2 {[%clk 0:39:59]} Ke7 {[%clk 1:04:32]} 28.
f4 {[%clk 0:39:37]} b5 {[%clk 0:56:55]} 29. Bc3 {[%clk 0:34:38]} Ke6 {[%clk
0:51:42]} 30. g4 {[%clk 0:29:52]} g6 {[%clk 0:48:02]} 31. Ba5 {[%clk 0:28:44]}
Re8 {[%clk 0:46:21]} 32. Bc7 {[%clk 0:28:39]} Re7 {[%clk 0:38:31]} 33. Ba5 {[%clk
0:19:42]} Ree8 {[%clk 0:38:02]} 34. Kf3 {[%clk 0:16:43]} f5 {[%clk 0:28:27]} 35.
gxf5+ {[%clk 0:15:27]} gxf5 {[%clk 0:26:17]} 36. Bc7 {[%clk 0:13:17]} Re7 {[%clk
0:21:34]} 37. Ba5 {[%clk 0:08:17]} Ree8 {[%clk 0:21:34]} 38. Rg1 {[%clk 0:07:27]}
Nc5 {[%clk 0:16:23]} 39. Rc2 {[%clk 0:02:00]} Ne4 {[%clk 0:13:54]} 40. Rgc1
{[%clk 0:01:35]} Rxc2 {[%clk 0:03:27]} 41. Rxc2 {[%clk 0:01:35]} Rg8 {[%clk
0:08:22]} 42. Rc6+ {[%clk 0:25:30]} Kd7 {[%clk 0:37:39]} 43. Rxa6 {[%clk
0:23:12]} Rg3+ {[%clk 0:35:42]} 44. Ke2 {[%clk 0:23:12]} Rxh3 {[%clk 0:35:07]}
45. Bc3 {[%clk 0:21:54]} h5 {[%clk 0:33:08]} 46. Kd3 {[%clk 0:18:06]} Nc5+ {[%clk
0:32:53]} 0-1

[Event "US Amateur Team West Championship"]
[Site "chess24.com"]
[Date "2020.02.16"]
[Round "2"]
[White "Lin, Daniel"]
[Black "Mackenzie, Dana"]
[Result "0-1"]
[Board "3"]
[WhiteFideId "30961084"]
[WhiteElo "1802"]
[WhiteCountry "USA"]
[WhiteEloChange "-4"]
[BlackFideId "2010925"]
[BlackElo "2023"]
[BlackCountry "USA"]
[BlackEloChange "4"]

1. c4 {[%clk 1:59:54]} g6 {[%clk 1:58:58]} 2. Nc3 {[%clk 1:59:53]} Bg7 {[%clk
1:58:39]} 3. g3 {[%clk 1:59:49]} e5 {[%clk 1:58:32]} 4. Bg2 {[%clk 1:59:48]} Ne7
{[%clk 1:58:22]} 5. e4 {[%clk 1:58:32]} Nbc6 {[%clk 1:52:45]} 6. Nge2 {[%clk
1:57:53]} d6 {[%clk 1:46:43]} 7. O-O {[%clk 1:57:15]} O-O {[%clk 0:10:50]} 8. d3
{[%clk 1:56:52]} Nd4 {[%clk 1:29:57]} 9. Nxd4 {[%clk 1:54:38]} exd4 {[%clk
1:29:55]} 10. Ne2 {[%clk 1:54:10]} a5 {[%clk 1:27:21]} 11. Bd2 {[%clk 1:49:08]}
Nc6 {[%clk 1:26:11]} 12. a3 {[%clk 1:48:23]} a4 {[%clk 1:23:41]} 13. Nc1 {[%clk
1:37:07]} Bd7 {[%clk 1:22:25]} 14. h3 {[%clk 1:36:16]} Na5 {[%clk 1:07:14]} 15.
Bxa5 {[%clk 1:04:14]} Rxa5 {[%clk 1:07:04]} 16. Qd2 {[%clk 1:04:00]} b6 {[%clk
1:00:37]} 17. b4 {[%clk 1:01:09]} axb3 {[%clk 0:58:47]} 18. Nxb3 {[%clk 1:01:03]}
Ra4 {[%clk 0:52:40]} 19. Ra2 {[%clk 0:53:43]} Qc8 {[%clk 0:48:13]} 20. Kh2 {[%clk
0:53:16]} Qa6 {[%clk 0:47:32]} 21. Qb2 {[%clk 0:49:07]} c5 {[%clk 0:34:57]} 22.
Nd2 {[%clk 0:47:14]} b5 {[%clk 0:34:44]} 23. Rb1 {[%clk 0:43:31]} b4 {[%clk
0:27:04]} 24. Rba1 {[%clk 0:43:14]} Ra8 {[%clk 0:24:28]} 25. e5 {[%clk 0:41:34]}
bxa3 {[%clk 0:24:22]} 26. Rxa3 {[%clk 0:40:08]} Rxa3 {[%clk 0:23:48]} 0-1

[Event "US Amateur Team West Championship"]
[Site "chess24.com"]
[Date "2020.02.16"]
[Round "2"]
[White "Quander, Marshall"]
[Black "Boldi, Nicholas"]
[Result "1-0"]
[Board "4"]
[WhiteFideId "30921759"]
[WhiteElo "1791"]
[WhiteCountry "USA"]
[WhiteEloChange "3"]
[BlackFideId "30930537"]
[BlackElo "1516"]
[BlackCountry "USA"]
[BlackEloChange "-3"]

1. d4 {[%clk 1:59:52]} d5 {[%clk 2:00:00]} 2. c4 {[%clk 1:59:52]} e6 {[%clk
2:00:00]} 3. Nc3 {[%clk 1:59:52]} Nf6 {[%clk 2:00:00]} 4. cxd5 {[%clk 1:59:52]}
exd5 {[%clk 2:00:00]} 5. Bg5 {[%clk 1:59:52]} c6 {[%clk 1:58:47]} 6. e3 {[%clk
1:59:51]} Bf5 {[%clk 1:57:51]} 7. Qf3 {[%clk 1:59:33]} g6 {[%clk 1:49:41]} 8.
Bxf6 {[%clk 1:54:30]} Qxf6 {[%clk 1:49:28]} 9. g4 {[%clk 1:54:25]} Bg7 {[%clk
1:46:07]} 10. gxf5 {[%clk 1:53:55]} gxf5 {[%clk 1:45:46]} 11. Bh3 {[%clk
1:48:46]} Qe7 {[%clk 1:43:09]} 12. Nge2 {[%clk 1:46:56]} Nd7 {[%clk 1:40:42]} 13.
Rc1 {[%clk 1:43:10]} Nf6 {[%clk 1:36:25]} 14. Qxf5 {[%clk 1:38:39]} Ng8 {[%clk
1:31:09]} 15. Rg1 {[%clk 1:35:16]} Bf6 {[%clk 1:28:52]} 16. Kd2 {[%clk 1:30:49]}
Rd8 {[%clk 1:27:09]} 17. Nf4 {[%clk 1:29:10]} Bh4 {[%clk 1:22:26]} 18. Nd3 {[%clk
1:20:56]} Nh6 {[%clk 1:21:20]} 19. Qf4 {[%clk 1:17:58]} Rd6 {[%clk 1:20:54]} 20.
Nxd5 {[%clk 1:11:39]} Rxd5 {[%clk 1:18:25]} 21. Qxh6 {[%clk 1:08:04]} Bg5 {[%clk
1:15:00]} 22. Qg7 {[%clk 1:07:49]} Rf8 {[%clk 1:14:01]} 23. Rc5 {[%clk 1:04:20]}
Rxc5 {[%clk 1:13:08]} 24. Nxc5 {[%clk 1:03:23]} Bf6 {[%clk 1:11:22]} 25. Bd7+
{[%clk 1:01:00]} Kd8 {[%clk 1:10:50]} 26. Qg3 {[%clk 1:00:23]} Be5 {[%clk
1:09:47]} 27. Qxe5 {[%clk 0:59:49]} Qxe5 {[%clk 1:09:42]} 28. dxe5 {[%clk
0:59:47]} b6 {[%clk 1:09:42]} 29. Bxc6 {[%clk 0:59:23]} bxc5 {[%clk 1:09:41]} 30.
Kc3 {[%clk 0:59:11]} Kc7 {[%clk 1:09:35]} 31. Bd5 {[%clk 0:58:55]} Kd7 {[%clk
1:09:27]} 32. f4 {[%clk 0:58:30]} a6 {[%clk 1:09:22]} 33. Rg7 {[%clk 0:58:25]}
Ke7 {[%clk 1:09:15]} 34. Rxh7 {[%clk 0:58:21]} c4 {[%clk 1:08:55]} 35. h4 {[%clk
0:58:18]} a5 {[%clk 1:08:55]} 36. h5 {[%clk 0:58:16]} a4 {[%clk 1:08:55]} 37. h6
{[%clk 0:58:08]} a3 {[%clk 1:08:55]} 38. bxa3 {[%clk 0:58:07]} Ke8 {[%clk
1:08:38]} 39. Bxc4 {[%clk 0:58:00]} f5 {[%clk 1:08:38]} 40. Ra7 {[%clk 0:57:40]}
Rf6 {[%clk 1:08:19]} 41. exf6 {[%clk 0:57:39]} Kd8 {[%clk 1:08:13]} 42. h7 {[%clk
0:57:38]} Ke8 {[%clk 1:07:51]} 43. h8Q# {[%clk 0:57:35]} 1-0

[Event "US Amateur Team West Championship"]
[Site "chess24.com"]
[Date "2020.02.16"]
[Round "3"]
[White "Krishnakumar, Sriram"]
[Black "Wu, Rochelle"]
[Result "1/2-1/2"]
[Board "1"]
[WhiteFideId "30915856"]
[WhiteTitle "CM"]
[WhiteElo "1948"]
[WhiteCountry "USA"]
[WhiteEloChange "2"]
[BlackFideId "30908132"]
[BlackTitle "WIM"]
[BlackElo "2032"]
[BlackCountry "USA"]
[BlackEloChange "-2"]

1. e4 {[%clk 2:00:00]} c5 {[%clk 1:55:42]} 2. Nf3 {[%clk 1:59:53]} d6 {[%clk
1:55:24]} 3. d4 {[%clk 1:59:51]} cxd4 {[%clk 1:55:24]} 4. Qxd4 {[%clk 1:59:47]}
a6 {[%clk 1:55:07]} 5. Be2 {[%clk 1:59:28]} Nc6 {[%clk 1:54:35]} 6. Qe3 {[%clk
1:59:23]} Nf6 {[%clk 1:54:19]} 7. O-O {[%clk 1:59:09]} g6 {[%clk 1:53:30]} 8. c4
{[%clk 1:57:28]} Bg7 {[%clk 1:53:20]} 9. Nc3 {[%clk 1:57:20]} O-O {[%clk
1:53:01]} 10. Rd1 {[%clk 1:56:33]} Ng4 {[%clk 1:48:32]} 11. Qd2 {[%clk 1:51:51]}
Qb6 {[%clk 1:45:14]} 12. Bf1 {[%clk 1:48:05]} Bxc3 {[%clk 1:44:02]} 13. bxc3
{[%clk 1:48:01]} Qc5 {[%clk 1:42:53]} 14. h3 {[%clk 1:33:48]} Nf6 {[%clk
1:41:41]} 15. Qe2 {[%clk 1:27:52]} Be6 {[%clk 1:29:49]} 16. Nd4 {[%clk 1:13:51]}
Qe5 {[%clk 1:26:54]} 17. Nxc6 {[%clk 1:00:00]} bxc6 {[%clk 1:26:54]} 18. f3
{[%clk 0:59:57]} Rab8 {[%clk 1:25:25]} 19. Be3 {[%clk 0:47:26]} c5 {[%clk
1:22:52]} 20. Qd2 {[%clk 0:42:36]} Nd7 {[%clk 1:20:53]} 21. Bf4 {[%clk 0:36:18]}
Qh8 {[%clk 1:19:52]} 22. Bg5 {[%clk 0:35:15]} Rfe8 {[%clk 1:19:17]} 23. f4 {[%clk
0:34:26]} Nb6 {[%clk 1:17:28]} 24. Rab1 {[%clk 0:24:18]} f6 {[%clk 1:14:24]} 25.
Bh4 {[%clk 0:23:27]} Nxc4 {[%clk 1:13:25]} 26. Bxc4 {[%clk 0:23:22]} Bxc4 {[%clk
1:13:25]} 27. Rxb8 {[%clk 0:22:42]} Rxb8 {[%clk 1:13:25]} 28. e5 {[%clk 0:22:35]}
Rd8 {[%clk 0:55:37]} 29. exf6 {[%clk 0:20:29]} exf6 {[%clk 0:55:32]} 30. Qe3
{[%clk 0:19:33]} Qg7 {[%clk 0:53:47]} 31. Qxc5 {[%clk 0:14:59]} dxc5 {[%clk
0:53:47]} 32. Rxd8+ {[%clk 0:14:57]} Kf7 {[%clk 0:53:47]} 33. Rd7+ {[%clk
0:14:55]} Kf8 {[%clk 0:53:46]} 34. Rxg7 {[%clk 0:14:54]} Kxg7 {[%clk 0:53:46]}
35. a3 {[%clk 0:14:21]} Bd5 {[%clk 0:53:36]} 36. Bf2 {[%clk 0:13:34]} c4 {[%clk
0:53:19]} 37. Bd4 {[%clk 0:10:06]} Kf7 {[%clk 0:53:19]} 38. Kf2 {[%clk 0:10:05]}
Ke6 {[%clk 0:00:11]} 39. g4 {[%clk 0:08:31]} f5 {[%clk 0:52:43]} 40. g5 {[%clk
0:08:31]} Be4 {[%clk 0:52:38]} 1/2-1/2

[Event "US Amateur Team West Championship"]
[Site "chess24.com"]
[Date "2020.02.16"]
[Round "3"]
[White "Wu, Derek"]
[Black "Shivakumar, Shawnak"]
[Result "1/2-1/2"]
[Board "2"]
[WhiteFideId "30914558"]
[WhiteElo "2105"]
[WhiteCountry "USA"]
[WhiteEloChange "-6"]
[BlackFideId "30940192"]
[BlackElo "1868"]
[BlackCountry "USA"]
[BlackEloChange "6"]

1. d4 {[%clk 2:00:00]} d5 {[%clk 1:40:55]} 2. Bg5 {[%clk 1:59:31]} Nf6 {[%clk
1:39:09]} 3. Nd2 {[%clk 1:59:24]} c5 {[%clk 1:39:03]} 4. Bxf6 {[%clk 1:59:18]}
gxf6 {[%clk 1:38:06]} 5. dxc5 {[%clk 1:59:18]} e5 {[%clk 1:34:39]} 6. e4 {[%clk
1:59:04]} d4 {[%clk 1:26:41]} 7. Bc4 {[%clk 1:57:28]} Bxc5 {[%clk 1:25:49]} 8.
Qh5 {[%clk 1:55:25]} Qe7 {[%clk 1:16:38]} 9. Ne2 {[%clk 1:53:06]} Nc6 {[%clk
1:11:24]} 10. O-O {[%clk 1:49:56]} a6 {[%clk 1:08:58]} 11. Ng3 {[%clk 1:46:47]}
Bb4 {[%clk 1:04:11]} 12. Nf3 {[%clk 1:45:34]} Be6 {[%clk 1:01:40]} 13. Nf5 {[%clk
1:41:25]} Bxf5 {[%clk 0:59:54]} 14. Qxf5 {[%clk 1:41:23]} Nd8 {[%clk 0:59:25]}
15. Rfd1 {[%clk 1:35:27]} Ne6 {[%clk 0:57:43]} 16. a3 {[%clk 1:31:24]} Bc5 {[%clk
0:55:20]} 17. c3 {[%clk 1:24:11]} Rd8 {[%clk 0:53:10]} 18. Rac1 {[%clk 1:19:21]}
dxc3 {[%clk 0:41:51]} 19. Rxd8+ {[%clk 1:17:28]} Qxd8 {[%clk 0:41:09]} 20. Rxc3
{[%clk 1:11:10]} Qd1+ {[%clk 0:34:08]} 21. Bf1 {[%clk 1:11:10]} Ke7 {[%clk
0:33:23]} 22. Nxe5 {[%clk 1:07:59]} Bxf2+ {[%clk 0:32:36]} 23. Qxf2 {[%clk
1:07:55]} fxe5 {[%clk 0:32:35]} 24. Rd3 {[%clk 1:06:44]} Qa4 {[%clk 0:32:01]} 25.
Qb6 {[%clk 1:05:40]} Qc6 {[%clk 0:26:14]} 26. Qxc6 {[%clk 1:05:08]} bxc6 {[%clk
0:26:14]} 27. Rc3 {[%clk 1:05:08]} Kd6 {[%clk 0:25:14]} 28. Bxa6 {[%clk 1:04:43]}
Rb8 {[%clk 0:24:36]} 29. b4 {[%clk 1:04:01]} Nd4 {[%clk 0:24:16]} 30. Rh3 {[%clk
1:03:17]} Ra8 {[%clk 0:22:48]} 31. Bc4 {[%clk 1:01:37]} f6 {[%clk 0:20:45]} 32.
Rxh7 {[%clk 0:57:24]} Rxa3 {[%clk 0:20:37]} 33. Rf7 {[%clk 0:53:57]} Re3 {[%clk
0:19:04]} 34. Rxf6+ {[%clk 0:53:09]} Ke7 {[%clk 0:18:50]} 35. Rf7+ {[%clk
0:52:08]} Kd6 {[%clk 0:18:50]} 36. Kf2 {[%clk 0:50:13]} Rxe4 {[%clk 0:18:30]} 37.
Bd3 {[%clk 0:50:07]} Rh4 {[%clk 0:16:59]} 38. Kg3 {[%clk 0:49:09]} Rh6 {[%clk
0:16:38]} 39. h4 {[%clk 0:48:21]} Ne6 {[%clk 0:16:10]} 40. Kg4 {[%clk 0:46:32]}
Rh8 {[%clk 0:13:24]} 41. h5 {[%clk 0:44:59]} Nf4 {[%clk 0:09:23]} 42. Bf5 {[%clk
0:43:32]} Kd5 {[%clk 0:05:02]} 43. Bg6 {[%clk 0:34:19]} Nxg2 {[%clk 0:28:52]} 44.
Kg5 {[%clk 1:03:21]} Nf4 {[%clk 0:28:10]} 45. Rd7+ {[%clk 0:58:44]} Kc4 {[%clk
0:27:57]} 46. h6 {[%clk 0:56:31]} Nh3+ {[%clk 0:26:40]} 47. Kh5 {[%clk 0:53:01]}
Nf4+ {[%clk 0:26:36]} 48. Kg5 {[%clk 0:53:01]} Nh3+ {[%clk 0:26:31]} 49. Kh5
{[%clk 0:52:18]} Nf4+ {[%clk 0:26:27]} 50. Kg5 {[%clk 0:52:18]} 1/2-1/2

[Event "US Amateur Team West Championship"]
[Site "chess24.com"]
[Date "2020.02.16"]
[Round "3"]
[White "Sivakumar, Shaashwath"]
[Black "Saikhanchimeg, Tsogtsaikhan"]
[Result "0-1"]
[Board "3"]
[WhiteFideId "30912156"]
[WhiteElo "1867"]
[WhiteCountry "USA"]
[WhiteEloChange "-5"]
[BlackFideId "4901533"]
[BlackElo "2042"]
[BlackCountry "MGL"]
[BlackEloChange "5"]

1. d4 {[%clk 1:52:00]} Nf6 {[%clk 1:46:43]} 2. Bf4 {[%clk 1:52:00]} c5 {[%clk
1:41:49]} 3. e3 {[%clk 1:52:00]} cxd4 {[%clk 1:38:10]} 4. exd4 {[%clk 1:51:58]}
Qb6 {[%clk 1:38:07]} 5. Na3 {[%clk 1:51:55]} d6 {[%clk 1:34:03]} 6. Nc4 {[%clk
1:49:00]} Qc6 {[%clk 1:27:41]} 7. Nf3 {[%clk 1:47:30]} g6 {[%clk 1:20:13]} 8. h3
{[%clk 1:47:25]} Bg7 {[%clk 1:18:43]} 9. Bd3 {[%clk 1:46:13]} O-O {[%clk
1:15:03]} 10. Bh2 {[%clk 1:45:36]} Nbd7 {[%clk 1:00:02]} 11. O-O {[%clk 1:43:20]}
Nb6 {[%clk 0:58:46]} 12. Ncd2 {[%clk 1:42:37]} Bd7 {[%clk 0:43:32]} 13. Rc1
{[%clk 1:38:31]} Na4 {[%clk 0:42:43]} 14. Rb1 {[%clk 1:37:21]} b5 {[%clk
0:41:28]} 15. c3 {[%clk 1:24:59]} Be6 {[%clk 0:38:09]} 16. Nb3 {[%clk 1:24:12]}
a6 {[%clk 0:33:11]} 17. Re1 {[%clk 1:22:46]} Ra7 {[%clk 0:32:48]} 18. Rxe6 {[%clk
1:20:38]} fxe6 {[%clk 0:32:27]} 19. Qe2 {[%clk 1:20:32]} Bh6 {[%clk 0:26:45]} 20.
Qxe6+ {[%clk 1:20:03]} Kg7 {[%clk 0:26:41]} 21. Qe2 {[%clk 1:12:16]} Nb6 {[%clk
0:14:43]} 22. Nbd2 {[%clk 1:00:24]} Nbd5 {[%clk 0:12:00]} 23. Ne4 {[%clk
0:57:29]} Bf4 {[%clk 0:09:16]} 24. Neg5 {[%clk 0:56:49]} Bxh2+ {[%clk 0:07:43]}
25. Kxh2 {[%clk 0:56:49]} Nf4 {[%clk 0:07:43]} 26. Qe3 {[%clk 0:56:37]} N6d5
{[%clk 0:06:36]} 27. Qe4 {[%clk 0:56:32]} Rf6 {[%clk 0:04:43]} 28. g3 {[%clk
0:04:58]} Nxd3 {[%clk 0:04:43]} 29. Qxd3 {[%clk 0:51:41]} Qc4 {[%clk 0:02:55]}
30. Qe4 {[%clk 0:47:25]} h6 {[%clk 0:02:55]} 31. Ne6+ {[%clk 0:46:54]} Kf7 {[%clk
0:02:55]} 32. Re1 {[%clk 0:46:26]} Nxc3 {[%clk 0:01:20]} 33. bxc3 {[%clk
0:39:58]} Rxe6 {[%clk 0:01:20]} 34. Qf4+ {[%clk 0:39:58]} Kg7 {[%clk 0:01:20]}
35. Rd1 {[%clk 0:01:49]} Qe2 {[%clk 0:01:12]} 36. Rd2 {[%clk 0:38:14]} Qe4 {[%clk
0:01:12]} 37. Qxe4 {[%clk 0:37:43]} Rxe4 {[%clk 0:01:12]} 38. d5 {[%clk 0:37:32]}
Rc7 {[%clk 0:01:02]} 39. Rd3 {[%clk 0:00:13]} Rec4 {[%clk 0:00:40]} 40. Re3
{[%clk 0:37:21]} Rxc3 {[%clk 0:00:36]} 41. Nd4 {[%clk 0:37:21]} Rxe3 {[%clk
0:00:22]} 42. fxe3 {[%clk 0:37:21]} Rc3 {[%clk 0:00:12]} 43. Ne6+ {[%clk
0:37:21]} Kf6 {[%clk 0:00:09]} 44. e4 {[%clk 0:37:21]} Rc2+ {[%clk 0:00:04]} 45.
Kg1 {[%clk 0:37:21]} Rxa2 {[%clk 0:00:04]} 46. h4 {[%clk 0:37:21]} b4 {[%clk
0:30:00]} 47. g4 {[%clk 1:07:21]} g5 {[%clk 0:29:57]} 48. hxg5+ {[%clk 1:07:21]}
hxg5 {[%clk 0:29:53]} 49. Nd4 {[%clk 1:07:21]} a5 {[%clk 0:29:45]} 50. Nc6 {[%clk
1:07:21]} b3 {[%clk 0:29:42]} 51. Nxa5 {[%clk 1:07:21]} Rxa5 {[%clk 0:29:42]} 52.
e5+ {[%clk 1:07:21]} Kxe5 {[%clk 0:29:42]} 0-1